[Event "FRA-chT2 East 0809"]
[Site "France"]
[Date "2009.02.08"]
[Round "7.8"]
[White "Muheim, Jane"]
[Black "Monpeurt, Cyrielle"]
[Result "0-1"]
[WhiteElo "1270"]
[BlackElo "1755"]
[PlyCount "66"]
[EventDate "2008.10.19"]
[EventType "team-tourn"]
[EventRounds "11"]
[EventCountry "FRA"]
[SourceTitle "EXT 2010"]
[Source "ChessBase"]
[SourceDate "2010.11.25"]
[SourceVersion "1"]
[SourceVersionDate "2010.11.25"]
[SourceQuality "1"]
[WhiteTeam "Mulhouse III"]
[BlackTeam "Metz Fischer II"]
[WhiteTeamCountry "FRA"]
[BlackTeamCountry "FRA"]

1. d4 d5 2. c4 c6 3. e3 Nf6 4. Nf3 Bf5 5. Nbd2 e6 6. b3 Nbd7 7. Be2 Be7 8. 0-0 0-0 9. Bb2 Rc8 10. Rc1 Re8 11. c5 b6 12. b4 Qc7 13. a3 Qb8 14. Ne5 bxc5 15. dxc5 Nxe5 16. Bxe5 Qxe5 17. Nf3 Qc7 18. Nh4 Bg6 19. Nxg6 hxg6 20. f3 e5 21. f4 exf4 22. exf4 Ne4 23. Bg4 Rcd8 24. Rf3 Bf6 25. f5 gxf5 26. Bxf5 Qe5 27. Qe1 Qd4+ 28. Kh1 Nd2 29. Qg3 Nxf3 30. Qxf3 Qd2 31. Rf1 Re1 32. Bd3 Rxf1+ 33. Bxf1 Re8 0-1

[Event "St Chely d'Aubrac op 8th"]
[Site "St Chely d'Aubrac"]
[Date "2008.07.19"]
[Round "9"]
[White "Nusse, Melchior"]
[Black "Muheim, Jane"]
[Result "0-1"]
[WhiteElo "1250"]
[BlackElo "1190"]
[PlyCount "54"]
[EventDate "2008.07.13"]
[EventType "swiss"]
[EventRounds "9"]
[EventCountry "FRA"]
[SourceTitle "CBM 125 Extra"]
[Source "ChessBase"]
[SourceDate "2008.09.01"]
[SourceVersion "1"]
[SourceVersionDate "2008.09.01"]
[SourceQuality "1"]

1. e4 e5 2. Bc4 Nh6 3. Nf3 d6 4. 0-0 Be6 5. Bxe6 fxe6 6. d3 Nd7 7. Bxh6 gxh6 8. Nbd2 Qe7 9. c3 0-0-0 10. d4 Bg7 11. dxe5 h5 12. exd6 Qxd6 13. Nc4 Qf4 14. Re1 h4 15. h3 Rhg8 16. Qd2 Qf7 17. Nxh4 Nc5 18. Qc2 Nd3 19. Red1 Bf6 20. Rxd3 Bxh4 21. Rxd8+ Rxd8 22. Rf1 Rg8 23. Ne5 Qg7 24. Ng4 h5 25. g3 hxg4 26. gxh4 gxh3+ 27. Kh2 Qg2# 0-1

[Event "St Chely d'Aubrac op 8th"]
[Site "St Chely d'Aubrac"]
[Date "2008.07.15"]
[Round "4"]
[White "Muheim, Jane"]
[Black "Saucey, Milena"]
[Result "0-1"]
[WhiteElo "1190"]
[BlackElo "1580"]
[PlyCount "64"]
[EventDate "2008.07.13"]
[EventType "swiss"]
[EventRounds "9"]
[EventCountry "FRA"]
[SourceTitle "CBM 125 Extra"]
[Source "ChessBase"]
[SourceDate "2008.09.01"]
[SourceVersion "1"]
[SourceVersionDate "2008.09.01"]
[SourceQuality "1"]

1. d4 d5 2. c4 Nf6 3. Nf3 dxc4 4. e3 Bg4 5. Be2 c5 6. Qc2 Bxf3 7. Bxf3 Qa5+ 8. Bd2 Qb5 9. Na3 Qa6 10. Nxc4 cxd4 11. Na5 Nc6 12. b4 Nxa5 13. bxa5 Rd8 14. Be2 d3 15. Qa4+ b5 16. Qb3 dxe2 17. Rc1 e6 18. f3 Be7 19. Kxe2 0-0 20. Rc2 Ba3 21. Bb4 Bxb4 22. Qxb4 Rc8 23. Rd2 Rc4 24. Rhd1 Rxb4 25. f4 h6 26. h3 Ne4 27. Rd4 Nc3+ 28. Kf3 Nxd1 29. Rxb4 Qxa5 30. Rd4 Rd8 31. Re4 Qxa2 32. Kg4 f5+ 0-1

[Event "St Chely d'Aubrac op 8th"]
[Site "St Chely d'Aubrac"]
[Date "2008.07.14"]
[Round "3"]
[White "Darnis, Lucas"]
[Black "Muheim, Jane"]
[Result "1-0"]
[WhiteElo "1310"]
[BlackElo "1190"]
[PlyCount "75"]
[EventDate "2008.07.13"]
[EventType "swiss"]
[EventRounds "9"]
[EventCountry "FRA"]
[SourceTitle "CBM 125 Extra"]
[Source "ChessBase"]
[SourceDate "2008.09.01"]
[SourceVersion "1"]
[SourceVersionDate "2008.09.01"]
[SourceQuality "1"]

1. e4 c6 2. Nc3 d5 3. f3 e5 4. d4 Nd7 5. Be2 Bb4 6. Bd2 Ne7 7. Na4 Nb6 8. Bxb4 Nxa4 9. Bxe7 Qxe7 10. Qd3 Qh4+ 11. g3 Bh3 12. gxh4 Bg2 13. Kf2 Bxh1 14. Nh3 Bxf3 15. Kxf3 Nb6 16. dxe5 Nd7 17. Qd4 0-0 18. exd5 c5 19. Qe4 a6 20. Bd3 g6 21. e6 fxe6+ 22. Ke3 exd5 23. Qe6+ Rf7 24. h5 d4+ 25. Kd2 Raf8 26. Rf1 Kg7 27. Rxf7+ Rxf7 28. hxg6 hxg6 29. Qxg6+ Kf8 30. Ng5 Rf2+ 31. Be2 Ne5 32. Qd6+ Kg7 33. Qxe5+ Kg6 34. h4 Rf6 35. h5+ Kg7 36. Qe7+ Rf7 37. Qxf7+ Kh6 38. Qf6# 1-0

[Event "FRA-chT3 Gr14 0607"]
[Site "France"]
[Date "2007.03.31"]
[Round "8.8"]
[White "Scherno, Francis"]
[Black "Muheim, Jane"]
[Result "1-0"]
[WhiteElo "1440"]
[BlackElo "1499"]
[PlyCount "67"]
[EventDate "2006.10.15"]
[EventType "team"]
[EventRounds "9"]
[EventCountry "FRA"]
[SourceTitle "EXT 2008"]
[Source "ChessBase"]
[SourceDate "2007.11.25"]
[SourceVersion "1"]
[SourceVersionDate "2007.11.25"]
[SourceQuality "1"]

1. e4 d6 2. d4 g6 3. Be3 Bg7 4. Nc3 Nd7 5. Bd3 Ngf6 6. f3 0-0 7. Qd2 b6 8. h4 Bb7 9. Be2 c5 10. d5 Ne5 11. g4 a6 12. h5 Re8 13. hxg6 fxg6 14. Bh6 Nf7 15. Bxg7 Kxg7 16. f4 Rc8 17. g5 Nd7 18. f5 Nfe5 19. fxg6 Nxg6 20. Bh5 Rf8 21. Qh2 Qe8 22. 0-0-0 Nde5 23. Nge2 e6 24. Nf4 Ng4 25. Nxe6+ Kg8 26. Bxg4 Rf7 27. Bf5 Rb8 28. Bxg6 Qe7 29. Bxf7+ Qxf7 30. Qxd6 Rf8 31. Nxf8 Qxf8 32. Qxf8+ Kxf8 33. Rxh7 Bc8 34. Rh8+ 1-0